000 00955nas a2200325 4500
001 BR0500789
003 BR-BrBNA
005 20231205105146.0
007 ta
008 230509b bl.|||p| |||| 00| 00por d
040 _aBR-BrBNA
_bpor
_cBiblioteca Nacional de Agricultura
041 _a(En)
072 _aF61; F01
100 1 _aKober, M. de V.
100 1 _aSá, E.L.S. de
100 1 _aFreire, J.R.J.
100 1 _aGiongo, A.
245 1 _aCharacterization of variants of Bradyrhizobium elkanii and Bradyrhizobium japonicum and symbiotic behaviour in soybeans
650 _aSOJA
650 _aRHIZOBIUM
650 _aINOCULAÇÃO
650 _aISOENZIMA
650 _aSIMBIOSE
650 _aESTUFA
650 _aSELEÇÃO
650 _aRIO GRANDE DO SUL
773 0 _tCiência Rural (Brazil)
_xISSN 0103-8478
_g(Sep-Oct 2004), v. 34(5) p. 1459-1464
_wBR0500789
909 _a202311
_bLúcia
_c55
_dLúcia Elande
942 _2AGRIS
_n0
_cANA
999 _c181534
_d181534